| 000 | 01143cam a22003254a 4500 | ||
|---|---|---|---|
| 001 | 3144 | ||
| 005 | 20251212140225.0 | ||
| 020 | _a9780061703683 (pbk.) | ||
| 020 | _a9780061703690 (trade bdg.) | ||
| 040 |
_aDLC _cDLC _dDLC _beng |
||
| 050 | 0 | 0 |
_aPZ7.O222 _b 2009 |
| 082 | 0 | 0 | _2813.54 |
| 100 | 1 | _aO'Connor, Jane | |
| 245 | 1 | 0 |
_aThe dazzling book report / _cby Jane O'Connor ; picture based on the art of Glasser, Robin Preiss |
| 250 | _aFirst Scholastic printing, September 2010 | ||
| 260 |
_aNew York : _bScholastic, _c2009 |
||
| 300 |
_a32 pages : _bcolor illustrations ; _c24 cm. |
||
| 490 | 0 | _aFancy Nancy | |
| 490 | 0 |
_aI can read _vLevel 1 |
|
| 505 | _aJ | ||
| 520 | _aNancy is determined to make the cover of her very first book report as fancy as she can, but she spends so much time on it that she has no time to write about the book. | ||
| 521 |
_a490
_bLexile |
||
| 521 |
_aJ
_bRaz-Plus |
||
| 650 | 1 |
_aHomework _vFiction |
|
| 650 | 1 |
_aSchools _vFiction |
|
| 650 | 1 |
_aVocabulary _vFiction |
|
| 700 | 1 | _a Robin, Preiss-Glasser | |
| 906 |
_a7 _bcbc _corignew _d1 _eecip _f20 _gy-gencatlg |
||
| 942 |
_2ddc _cBK _n0 |
||
| 999 |
_c3144 _d3144 |
||